Begining CSS: cascading style sheets for web design. (Record no. 191904)

MARC details
000 -LEADER
fixed length control field 00480nam a2200157Ia 4500
008 - FIXED-LENGTH DATA ELEMENTS--GENERAL INFORMATION
fixed length control field 210716s2011 xx 000 0 und d
020 ## - INTERNATIONAL STANDARD BOOK NUMBER
International Standard Book Number 9788126532193
041 ## - LANGUAGE CODE
Language code of text/sound track or separate title eng
082 ## - DEWEY DECIMAL CLASSIFICATION NUMBER
Classification number 004.6005 POUI
100 ## - MAIN ENTRY--PERSONAL NAME
Personal name Pouncey, Ian; York, Richard.
245 ## - TITLE STATEMENT
Title Begining CSS: cascading style sheets for web design.
Remainder of title Cascading style sheets for web design.
250 ## - EDITION STATEMENT
Edition statement 3
260 ## - PUBLICATION, DISTRIBUTION, ETC.
Place of publication, distribution, etc. New Delhi
Name of publisher, distributor, etc. Wiley India Pvt Ltd
Date of publication, distribution, etc. 2011
300 ## - PHYSICAL DESCRIPTION
Extent xxx,432
650 ## - SUBJECT ADDED ENTRY--TOPICAL TERM
Topical term or geographic name entry element Web Design & Development
Holdings
Withdrawn status Lost status Damaged status Not for loan Collection code Home library Current library Source of acquisition Cost, normal purchase price Total Checkouts Full call number Barcode Date last seen Cost, replacement price Price effective from Koha item type
        MCA St Aloysius Institute of Management & Information Technology St Aloysius Institute of Management & Information Technology Athulya Books 499.00   004.6005 POUI MCA11412 07/21/2025 374.25 07/16/2021 Book